| 000 | 00530nam a22001817a 4500 | ||
|---|---|---|---|
| 999 |
_c197196 _d197196 |
||
| 005 | 20230817161525.0 | ||
| 010 | _aENG-86181 ENG-137098 | ||
| 020 |
_a9788123779980 _c110.00 |
||
| 035 | _aEN-69714 EN-120630 | ||
| 037 | _bDBAD / PUB | ||
| 082 | _aS | ||
| 100 | _aNitu | ||
| 245 |
_aMy Life My Horizon / _cby Nitu |
||
| 260 |
_aNew Delhi _bNational Book Trust, India _c2017 |
||
| 270 |
_aNehru Bhawan, 5 Institutional Area,Phase-II Vasant Kunj _bNew Delhi _e110070 |
||
| 300 |
_a101p. _c21cm(pbk) |
||
| 942 |
_cEN _2ddc _hS _mNIT |
||